| 000 | 00563nam a2200205 a 4500 | ||
|---|---|---|---|
| 999 |
_c4282 _d4282 |
||
| 001 | 4282 | ||
| 003 | BD-JhCC | ||
| 005 | 20171126191547.0 | ||
| 008 | 171119s1982 II |||| ||a| 000 0 eng d | ||
| 035 | _a(BD-JhCC) | ||
| 040 |
_aBD-JhCC _dBD-JhCC |
||
| 041 | _aeng | ||
| 082 |
_a891.409 _bJAM 1982 |
||
| 100 | _aJamuna, K. A. | ||
| 245 |
_aChldren's Literature in Indian Language / _c K. A. Jamuna |
||
| 260 |
_aIndia : _bMinistry of Information and Broadcasting, _c1982 |
||
| 300 |
_a293 p. : _c22 cm. |
||
| 650 |
_aChildren's literature _zIndia |
||
| 942 |
_2ddc _cBK |
||